[Event "RUS-chT U11"]
[Site "Sochi"]
[Date "2019.05.10"]
[Round "9.1"]
[White "Nekrasov, Maksim"]
[Black "Kuznetsov, Makar"]
[Result "1-0"]
[WhiteElo "1192"]
[BlackElo "1128"]
[PlyCount "67"]
[EventDate "2019.05.01"]
[EventType "team-tourn"]
[EventRounds "9"]
[EventCountry "RUS"]
[SourceTitle "EXT 2022"]
[Source "ChessBase"]
[SourceDate "2021.10.06"]
[SourceVersion "1"]
[SourceVersionDate "2021.10.06"]
[SourceQuality "1"]

1. c4 f5 2. g3 Nf6 3. Bg2 e6 4. Nf3 Be7 5. 0-0 0-0 6. Nc3 d5 7. d3 c6 8. e4 fxe4 9. dxe4 dxc4 10. Nd2 b5 11. a4 Bb4 12. e5 Nd5 13. Nxd5 exd5 14. axb5 cxb5 15. Nxc4 dxc4 16. Qd5+ Qxd5 17. Bxd5+ Kh8 18. Bxa8 Bc5 19. Be3 Bb6 20. Bxb6 axb6 21. Bd5 Ba6 22. Rfe1 b4 23. e6 c3 24. bxc3 Re8 25. e7 Bb5 26. cxb4 Nc6 27. Bf7 Nd4 28. Bxe8 Nf3+ 29. Kh1 Bxe8 30. Ra8 Kg8 31. Rxe8+ Kf7 32. Rf8+ Kg6 33. e8Q+ Kg5 34. Rxf3 1-0